Normal view
MARC view
Entry Personal Name
001 - CONTROL NUMBER
- control field: 14831
003 - CONTROL NUMBER IDENTIFIER
- control field: OSt
005 - DATE AND TIME OF LATEST TRANSACTION
- control field: 20211105133838.0
008 - FIXED-LENGTH DATA ELEMENTS
- fixed length control field: 211105|| aca||aabn | a|a d
040 ## - CATALOGING SOURCE
- Original cataloging agency: OSt
- Transcribing agency: OSt
100 ## - HEADING--PERSONAL NAME
- Personal name: Detre, L., ed
670 ## - SOURCE DATA FOUND
- Source citation: Work cat.: (OSt): Universite De Liege Belgique 14830, non-periodic phenomena in variable stars, 1969